| 000 | 00630nam a22001937a 4500 | ||
|---|---|---|---|
| 005 | 20260515150904.0 | ||
| 010 | _aENG-148489 | ||
| 020 |
_a9789371364898 _c830.00 |
||
| 035 | _aEN-132021 | ||
| 037 | _bDBAD | ||
| 082 |
_a339 _28 |
||
| 245 |
_aMacroeconomics/ _cOlivier Blanchard |
||
| 250 | _aEighth | ||
| 260 |
_aNoida, Uttar Pradesh _bPearson India Education Services Pvt. Ltd _c2026 |
||
| 270 |
_a1st Floor, Berger Tower, Plot No. C-001A/2, Sector 16B, _bNoida, Uttar Pradesh _e201301 _mcompanysecretary.india@pearson.com |
||
| 300 |
_a539p. _c26cm(pb) |
||
| 700 | _989117 | ||
| 942 |
_2ddc _cEN _h339 _mBLA |
||
| 999 |
_c216224 _d216224 |
||